Beginselen der Vlaemsche spraekkunst

Gespeichert in:
Bibliographische Detailangaben
1. Verfasser: RENIER [Pieter Jan]
Format: keine Angabe
Sprache:Niederländisch
Erschienen: Kortryk [Kortrijk] Beyaert-Feys, boekdrukker 1843
Ausgabe:vierde druk, heringerigt naer het spellingstelsel van het taelcongres
Katalog:MANES:  Suchergebnis im Bibliothekskatalog
Schulbuchspezifische Eigenschaften:
Schlagworte:
Tags: Tag hinzufügen
Keine Tags, Fügen Sie den ersten Tag hinzu!
Hinzugefügt zu:26.04.2016

MARC

LEADER 000000000a22000000004500
001 22219
008 160427s be ||||| |||| 00| 0 dut d
040 |a manes  |c manes 
041 |a Neerlandés 
100 1 |a RENIER [Pieter Jan] 
245 0 0 |a Beginselen der Vlaemsche spraekkunst 
250 |a vierde druk, heringerigt naer het spellingstelsel van het taelcongres 
260 3 |a Kortryk [Kortrijk]  |b Beyaert-Feys, boekdrukker  |c 1843 
300 |a 60 p. 
546 |a Bélgica 
655 7 |a Primaria 
942 |2 ddc  |c BK 
999 |c 44547  |d 44547 
999 |c manes:44547  |d 44547